| 000 | 00000nam 2200000za 4500 |
| 001 | 9.816650 |
| 003 | CaOODSP |
| 005 | 20221107142309 |
| 007 | cr ||||||||||| |
| 008 | 160502s1991 onc |o||||f10| 0|fre d |
| 020 | |qpapier : |z0-660-56438-6 |
| 040 | |aCaOODSP|bfre |
| 041 | |afre|aeng |
| 043 | |an-cn--- |
| 086 | 1 |aFs41-31/113-PDF|zFs41-31/113 |
| 245 | 03|aLe golfe du Saint-Laurent |h[ressource électronique] : |bpetit océan ou grand estuaire? : compte-rendus d'un atelier/symposium tenu à l'Institut Maurice-Lamontagne (Mont-Joli) du 14 au 17 mars 1989 = The Gulf of St. Lawrence : small ocean of big estuary? : proceedings of a workshop/symposium held at the Maurice Lamontagne Institute, Mont-Joli, 14-17 March 1989 / |crédaction : Jean-Claude Therriault. |
| 246 | 11|aGulf of St. Lawrence : small ocean of big estuary? : proceedings of a workshop/symposium held at the Maurice Lamontagne Institute, Mont-Joli, 14-17 March 1989 |
| 260 | |aOttawa : |bMinistère des Pêches et des Océans, |c1991. |
| 300 | |avii, 359 p.|bcartes, tableaux, graphiques. |
| 490 | 1 |aPublication spéciale canadienne des sciences halieutiques et aquatiques, |v113 |
| 546 | |aTexte en français et en anglais. |
| 692 | 07|2gccst|aCours d'eau |
| 700 | 1 |aTherriault, Jean-Claude, |eed. |
| 710 | 1 |aCanada. |bMinistère des pêches et des océans. |
| 776 | 0#|tLe Golfe du Saint-Laurent: petit océan ou grand estuaire? Compte rendu d'un atelier/symposium tenu à l'Institut Maurice-Lamontagne (Mont-Joli) du 14 au 17 mars 1989 / |w(CaOODSP)9.518677 |
| 791 | |tLe golfe du Saint-Laurent |eeng|w(CaOODSP)9.816647 |
| 830 | #0|aPublication spéciale canadienne des sciences halieutiques et aquatiques ;|v113|w(CaOODSP)9.816386 |
| 856 | 40|qPDF|s11.27 Mo|uhttps://publications.gc.ca/collections/collection_2016/mpo-dfo/Fs41-31-113.pdf |